000 00315nam a22001337a 4500
008 170801b xxu||||| |||| 00| 0 eng d
020 _a9783528038304
041 _ager
080 _a007.52
100 _a26
101 _aIM
245 _aHANDHABUNGSTECHNIK MIT ROBOTERTECHNIK
_cBARTENSCHLAGER,J
942 _2udc
_cBK
999 _c22330
_d22330